Complete self assessment for medical finals (Record no. 31117)

MARC details
000 -LEADER
fixed length control field 00649nam a2200169 a 4500
008 - FIXED-LENGTH DATA ELEMENTS--GENERAL INFORMATION
fixed length control field 120217s2007 ||||||||||||||||| || u
020 ## - INTERNATIONAL STANDARD BOOK NUMBER
International Standard Book Number 9780340889442
050 ## - LIBRARY OF CONGRESS CALL NUMBER
Classification number R 845 Pat
100 ## - MAIN ENTRY--PERSONAL NAME
Personal name Patel, Kinesh
245 10 - TITLE STATEMENT
Title Complete self assessment for medical finals
Statement of responsibility, etc. by Kinesh Patel and Neil Patel
260 ## - PUBLICATION, DISTRIBUTION, ETC.
Place of publication, distribution, etc. London:
Name of publisher, distributor, etc. Hodder Arnold
Date of publication, distribution, etc. 2007
300 ## - PHYSICAL DESCRIPTION
Extent xi, 340p.: ill.
350 ## -
-- 0.00
650 ## - SUBJECT ADDED ENTRY--TOPICAL TERM
Topical term or geographic name entry element MEDICINE--EXAMINATIONS--STUDY GUIDE
700 ## - ADDED ENTRY--PERSONAL NAME
Personal name Patel, Neil
995 ## -
-- MEDICAL LIBRARY OPEN ACCESS
-- 901573
-- CBU-SCHOOL OF MEDICINE LIBRARY (Ndola)
-- 0.00
-- R 845 Pat
-- 1
-- AVAILABLE
-- Jun 25, 2012
-- 901573
-- Medical Library Open Access Collection
999 ## -
-- 31117
-- 31117
Holdings
Withdrawn status Lost status Source of classification or shelving scheme Damaged status Not for loan Permanent Location Current Location Shelving location Date acquired Total Checkouts Full call number Barcode Date last seen Price effective from Koha item type
          CBU-SCHOOL OF MEDICINE LIBRARY, NDOLA. CBU-SCHOOL OF MEDICINE LIBRARY, NDOLA.   11/30/2022   R 845 Pat 901573 11/30/2022 11/30/2022 MONOGRAPH